[Event "Politiken Cup 15th"]
[Site "Copenhagen"]
[Date "1993.??.??"]
[Round "6"]
[White "Kharlov, Andrei"]
[Black "Borge, Nikolaj"]
[Result "1-0"]
[WhiteElo "2580"]
[BlackElo "2410"]
[PlyCount "69"]
[EventDate "1993.06.??"]
[EventType "swiss"]
[EventRounds "10"]
[EventCountry "DEN"]
[SourceTitle "EXT 1999"]
[Source "ChessBase"]
[SourceDate "1998.11.10"]
[SourceVersion "1"]
[SourceVersionDate "1998.11.10"]
[SourceQuality "1"]

1. e4 c5 2. c3 e6 3. d4 d5 4. e5 Nc6 5. Nf3 Bd7 6. Be2 Nge7 7. O-O cxd4 8. cxd4
Ng6 9. Nc3 Be7 10. a3 O-O 11. b4 Qe8 12. Be3 a5 13. b5 Na7 14. Qd3 a4 15. g3 f5
16. exf6 Bxf6 17. h4 e5 18. dxe5 Nxe5 19. Nxe5 Bxe5 20. Bd4 Kh8 21. Rfe1 Bf5
22. Qe3 Bxd4 23. Qxd4 Qg6 24. Nxd5 Rad8 25. Rad1 Qf7 26. Qxa7 Rxd5 27. Rxd5
Qxd5 28. Bf1 Bc2 29. Rc1 Bb3 30. Qc5 Qd8 31. b6 h6 32. Bg2 Re8 33. Bxb7 Qd2 34.
Bg2 Re5 35. b7 1-0

[Event "Politiken Cup 15th"]
[Site "Copenhagen"]
[Date "1993.??.??"]
[Round "7"]
[White "Bagirov, Vladimir"]
[Black "Kharlov, Andrei"]
[Result "1/2-1/2"]
[WhiteElo "2530"]
[BlackElo "2580"]
[PlyCount "24"]
[EventDate "1993.06.??"]
[EventType "swiss"]
[EventRounds "10"]
[EventCountry "DEN"]
[SourceTitle "EXT 1999"]
[Source "ChessBase"]
[SourceDate "1998.11.10"]
[SourceVersion "1"]
[SourceVersionDate "1998.11.10"]
[SourceQuality "1"]

1. d4 d5 2. c4 c6 3. cxd5 cxd5 4. Nc3 Nc6 5. Bf4 Nf6 6. Nf3 Bf5 7. e3 e6 8. Bd3
Bxd3 9. Qxd3 Bd6 10. Bxd6 Qxd6 11. O-O O-O 12. Rfc1 Rfc8 1/2-1/2

[Event "Politiken Cup 15th"]
[Site "Copenhagen"]
[Date "1993.??.??"]
[Round "8"]
[White "Kharlov, Andrei"]
[Black "Danielsen, Henrik"]
[Result "0-1"]
[WhiteElo "2580"]
[BlackElo "2445"]
[PlyCount "80"]
[EventDate "1993.06.??"]
[EventType "swiss"]
[EventRounds "10"]
[EventCountry "DEN"]
[SourceTitle "EXT 1999"]
[Source "ChessBase"]
[SourceDate "1998.11.10"]
[SourceVersion "1"]
[SourceVersionDate "1998.11.10"]
[SourceQuality "1"]

1. e4 c6 2. d4 d5 3. Nc3 dxe4 4. Nxe4 Bf5 5. Ng3 Bg6 6. h4 h6 7. h5 Bh7 8. Nf3
Nd7 9. Bd3 Bxd3 10. Qxd3 e6 11. Bf4 Bb4+ 12. c3 Be7 13. O-O-O Ngf6 14. Kb1 O-O
15. Ne5 Qa5 16. Nxd7 Nxd7 17. Ne4 Qf5 18. Be3 Rad8 19. g4 Qh7 20. Rhg1 f5 21.
Qc4 fxe4 22. Qxe6+ Rf7 23. Ka1 Nf8 24. Qb3 Bg5 25. d5 Rxd5 26. Rxd5 cxd5 27.
Qxd5 Bxe3 28. fxe3 g5 29. Rf1 Qg7 30. a4 Nh7 31. Rxf7 Qxf7 32. Qxe4 Nf6 33. Qd4
a6 34. b4 Kg7 35. Kb2 Qd7 36. Qb6 Qd2+ 37. Kb3 Qxc3+ 38. Kxc3 Nd5+ 39. Kd4 Nxb6
40. a5 Nc8 0-1

[Event "Politiken Cup 15th"]
[Site "Copenhagen"]
[Date "1993.??.??"]
[Round "9"]
[White "Jorgensen, Per Henrik Dorff"]
[Black "Kharlov, Andrei"]
[Result "0-1"]
[WhiteElo "2295"]
[BlackElo "2580"]
[PlyCount "68"]
[EventDate "1993.06.??"]
[EventType "swiss"]
[EventRounds "10"]
[EventCountry "DEN"]
[SourceTitle "EXT 1999"]
[Source "ChessBase"]
[SourceDate "1998.11.10"]
[SourceVersion "1"]
[SourceVersionDate "1998.11.10"]
[SourceQuality "1"]

1. d4 d5 2. Nf3 Nf6 3. Bf4 c5 4. e3 Nc6 5. c3 Qb6 6. Qb3 c4 7. Qc2 Bf5 8. Qc1
h6 9. Nbd2 e6 10. Be2 Be7 11. Ne5 Nxe5 12. Bxe5 O-O 13. O-O Qc6 14. f3 Nd7 15.
Bf4 b5 16. e4 Bh7 17. Re1 Bh4 18. g3 Bf6 19. e5 Be7 20. Bf1 b4 21. cxb4 Bxb4
22. a3 Ba5 23. b4 Bc7 24. a4 Qb6 25. Qc3 Rfb8 26. b5 a6 27. bxa6 Rxa6 28. Be3
Rba8 29. Be2 Rxa4 30. Rxa4 Rxa4 31. Kf2 Qa7 32. Qc1 Bb6 33. Bd1 Ra1 34. Qc3 Ra3
0-1

[Event "Politiken Cup 15th"]
[Site "Copenhagen"]
[Date "1993.??.??"]
[Round "10"]
[White "Kharlov, Andrei"]
[Black "Khenkin, Igor"]
[Result "1-0"]
[WhiteElo "2580"]
[BlackElo "2575"]
[PlyCount "97"]
[EventDate "1993.06.??"]
[EventType "swiss"]
[EventRounds "10"]
[EventCountry "DEN"]
[SourceTitle "EXT 1999"]
[Source "ChessBase"]
[SourceDate "1998.11.10"]
[SourceVersion "1"]
[SourceVersionDate "1998.11.10"]
[SourceQuality "1"]

1. e4 c5 2. Nf3 e6 3. d4 cxd4 4. Nxd4 Nf6 5. Bd3 Nc6 6. Nxc6 dxc6 7. O-O e5 8.
Nd2 Bd6 9. Nc4 Bc7 10. Bg5 O-O 11. Qf3 h6 12. Bh4 g5 13. Bg3 Bg4 14. Qe3 Qe7
15. h3 Bh5 16. a4 b5 17. axb5 cxb5 18. Na5 Bb6 19. Qe1 Rac8 20. Kh1 Bg6 21. Qe2
b4 22. Nc4 Bd4 23. Ra6 Rfd8 24. b3 Nh5 25. Ne3 Nf4 26. Bxf4 exf4 27. Nd5 Qe5
28. Nxb4 Rd6 29. Rxd6 Qxd6 30. Nd5 Kg7 31. c3 Be5 32. b4 Qd7 33. c4 h5 34. f3
g4 35. fxg4 hxg4 36. Nxf4 Rh8 37. Nxg6 fxg6 38. c5 gxh3 39. g3 Rf8 40. Rxf8
Kxf8 41. Bc4 Kg7 42. Kh2 Qd4 43. c6 Qd6 44. Qf2 a6 45. Qa7+ Kh6 46. Qe3+ Kg7
47. Qg5 Qd4 48. c7 Bxg3+ 49. Kxg3 1-0

[Event "Leeuwarden op"]
[Site "Leeuwarden"]
[Date "1993.??.??"]
[Round "1"]
[White "Tondivar, Babak"]
[Black "Kharlov, Andrei"]
[Result "1-0"]
[WhiteElo "2290"]
[BlackElo "2535"]
[PlyCount "151"]
[EventDate "1993.08.??"]
[EventType "swiss"]
[EventRounds "9"]
[EventCountry "NED"]
[SourceTitle "TD"]
[Source "ChessBase"]
[SourceDate "1994.03.01"]
[SourceVersion "1"]
[SourceVersionDate "1994.03.01"]
[SourceQuality "1"]

1. d4 d5 2. c4 e6 3. Nc3 c6 4. cxd5 exd5 5. Bf4 Bf5 6. e3 Qb6 7. Qd2 Nf6 8. f3
Nbd7 9. g4 Be6 10. Nge2 h5 11. g5 Ng8 12. h4 Ne7 13. Bg2 g6 14. Rd1 Bg7 15. Bg3
Nf5 16. Bf2 Nd6 17. b3 O-O 18. e4 Rfd8 19. O-O Qa5 20. Nf4 dxe4 21. Nxe4 Qxd2
22. Rxd2 Nxe4 23. fxe4 Bg4 24. Rc2 Rac8 25. Re1 Bf8 26. Nd3 Bd6 27. b4 Nf8 28.
Nc5 Rc7 29. a3 Ne6 30. Nxe6 Bxe6 31. d5 cxd5 32. Rxc7 Bxc7 33. exd5 Bxd5 34.
Bxd5 Rxd5 35. Re8+ Kg7 36. Re7 Be5 37. Rxb7 a6 38. a4 Rd2 39. Kf1 Bd4 40. Be1
Ra2 41. Rd7 Ba1 42. a5 Rh2 43. Rd6 Rh1+ 44. Ke2 Rh2+ 45. Kf3 Rh1 46. Bf2 Bc3
47. Rxa6 Bxb4 48. Ra8 Rh3+ 49. Kg2 Rd3 50. a6 Bc3 51. a7 Rd2 52. Rg8+ Kxg8 53.
a8=Q+ Kg7 54. Kf3 Rd1 55. Bc5 Rf1+ 56. Ke4 Kh7 57. Kd5 Bg7 58. Qe8 Rf5+ 59. Kc6
Bb2 60. Be7 Bg7 61. Qd8 Rf2 62. Bf6 Rc2+ 63. Kb6 Re2 64. Qd4 Re6+ 65. Kc7 Bf8
66. Kd7 Kg8 67. Qd5 Kh7 68. Bc3 Re7+ 69. Kd8 Re6 70. Kd7 Re7+ 71. Kd8 Re6 72.
Be5 Bg7 73. Bd6 Kg8 74. Kd7 Kh7 75. Be7 Kg8 76. Qa8+ 1-0

[Event "Leeuwarden op"]
[Site "Leeuwarden"]
[Date "1993.??.??"]
[Round "2"]
[White "Kharlov, Andrei"]
[Black "Timmer, Robert"]
[Result "1-0"]
[WhiteElo "2535"]
[BlackElo "2290"]
[PlyCount "91"]
[EventDate "1993.08.??"]
[EventType "swiss"]
[EventRounds "9"]
[EventCountry "NED"]
[SourceTitle "TD"]
[Source "ChessBase"]
[SourceDate "1994.03.01"]
[SourceVersion "1"]
[SourceVersionDate "1994.03.01"]
[SourceQuality "1"]

1. e4 e6 2. d4 d5 3. Nc3 Nf6 4. Bg5 Be7 5. e5 Ne4 6. Nxe4 Bxg5 7. Nxg5 Qxg5 8.
Nf3 Qe7 9. Qd2 b6 10. h4 Ba6 11. Bxa6 Nxa6 12. h5 h6 13. Rh3 Nb8 14. Rg3 Qf8
15. Rc1 Nc6 16. c4 Ne7 17. c5 c6 18. cxb6 axb6 19. Qb4 b5 20. Nh4 Qg8 21. Ra3
Rxa3 22. Qxa3 Qh7 23. Kf1 g5 24. Qa8+ Kd7 25. Qb7+ Ke8 26. Qb8+ Kd7 27. Qd6+
Ke8 28. Nf3 g4 29. Ne1 g3 30. f3 Nf5 31. Qb8+ Ke7 32. Qb7+ Ke8 33. Qc8+ Ke7 34.
Qc7+ Kf8 35. Qd8+ Kg7 36. Qf6+ Kg8 37. Rxc6 Qg7 38. Rc8+ Kh7 39. Qxg7+ Nxg7 40.
Rxh8+ Kxh8 41. b3 Nxh5 42. a4 bxa4 43. bxa4 Ng7 44. a5 Ne8 45. Ke2 Nc7 46. Ke3
1-0

[Event "Leeuwarden op"]
[Site "Leeuwarden"]
[Date "1993.??.??"]
[Round "3"]
[White "Bosch, Jeroen"]
[Black "Kharlov, Andrei"]
[Result "1-0"]
[WhiteElo "2290"]
[BlackElo "2535"]
[PlyCount "109"]
[EventDate "1993.08.??"]
[EventType "swiss"]
[EventRounds "9"]
[EventCountry "NED"]
[SourceTitle "TD"]
[Source "ChessBase"]
[SourceDate "1994.03.01"]
[SourceVersion "1"]
[SourceVersionDate "1994.03.01"]
[SourceQuality "1"]

1. e4 c5 2. Nf3 Nc6 3. d4 cxd4 4. Nxd4 Nf6 5. Nc3 d6 6. Bc4 Qb6 7. Nxc6 bxc6 8.
O-O g6 9. Be3 Qxb2 10. Bd4 Qb4 11. Bxf6 exf6 12. Qd4 Ke7 13. Rab1 Qc5 14. Nd5+
cxd5 15. Qxc5 dxc5 16. Bxd5 Ba6 17. Bxa8 Bxf1 18. Kxf1 f5 19. Rb7+ Kf6 20. Rxa7
fxe4 21. c4 Ke5 22. Rxf7 Kd4 23. Bd5 Bh6 24. g3 e3 25. fxe3+ Bxe3 26. Ke2 h5
27. Re7 Bg1 28. Kf1 Be3 29. Ke2 Bc1 30. a4 Rb8 31. Re4+ Kc3 32. h4 Rb2+ 33. Kf3
Kb4 34. Re6 Rb3+ 35. Kg2 g5 36. hxg5 Bxg5 37. Re5 Bd8 38. Rxh5 Bc7 39. Rg5 Kxa4
40. Rg7 Bd6 41. Kh3 Kb4 42. Kh4 Kc3 43. Rd7 Rb6 44. g4 Be5 45. g5 Kd4 46. Kg4
Rb1 47. g6 Rg1+ 48. Kf5 Rf1+ 49. Ke6 Rf6+ 50. Ke7 Rb6 51. Bf7+ Kc3 52. Be6 Kb4
53. Kf7 Kc3 54. Re7 Bd4 55. g7 1-0

[Event "Leeuwarden op"]
[Site "Leeuwarden"]
[Date "1993.??.??"]
[Round "4"]
[White "Kharlov, Andrei"]
[Black "Bos, Iwona"]
[Result "1-0"]
[WhiteElo "2535"]
[BlackElo "2210"]
[PlyCount "161"]
[EventDate "1993.08.??"]
[EventType "swiss"]
[EventRounds "9"]
[EventCountry "NED"]
[SourceTitle "TD"]
[Source "ChessBase"]
[SourceDate "1994.03.01"]
[SourceVersion "1"]
[SourceVersionDate "1994.03.01"]
[SourceQuality "1"]

1. e4 c5 2. c3 Nc6 3. d4 cxd4 4. cxd4 d5 5. exd5 Qxd5 6. Nf3 e6 7. Nc3 Qd8 8.
Be2 Nf6 9. O-O Be7 10. Be3 O-O 11. Ne5 Nb4 12. Bf3 Nbd5 13. Qb3 Qa5 14. Bg5 Rd8
15. Rac1 Rb8 16. Bxf6 Bxf6 17. Nxd5 Bxe5 18. Ne7+ Kf8 19. Nxc8 Bxd4 20. Bxb7
Rd7 21. Qc4 Rbxb7 22. Nd6 Rb4 23. Qc6 Qd8 24. Nb5 Bb6 25. Rc2 Rd1 26. Nc3 Rxf1+
27. Kxf1 Qd3+ 28. Ke1 Rd4 29. Re2 Rd6 30. Qe4 Qa6 31. Qxh7 Bd4 32. Qh5 Ke7 33.
Qh4+ Bf6 34. Qb4 Ke8 35. Qb8+ Ke7 36. f3 Qa5 37. Qb7+ Rd7 38. Qb3 Qc5 39. Kf1
Qg5 40. g3 Bd4 41. Kg2 Bb6 42. Qb4+ Ke8 43. f4 Qd8 44. Qe4 Rd4 45. Qh7 Qa8+ 46.
Ne4 Qd5 47. Kh3 Qc4 48. Nc3 g6 49. Qh8+ Ke7 50. Qe5 Qd3 51. Kg2 Qa6 52. h4 Qb7+
53. Kh2 Qf3 54. Qe3 Qg4 55. Rd2 Rd6 56. Qe2 Rxd2 57. Qxd2 Qf3 58. Qe2 Qc6 59.
Ne4 Qc1 60. Nf2 Qc5 61. Nh3 f6 62. b3 Qd4 63. Qg2 Kd6 64. Ng1 Qd1 65. Nf3 Be3
66. Kh3 Kc5 67. Nh2 Bg1 68. Qa8 Kb4 69. Qb7+ Ka3 70. Qa6+ Kb2 71. Qxe6 Bxh2 72.
Qxf6+ Kxa2 73. Qa6+ Kb2 74. Kxh2 Qd2+ 75. Kh3 Qd7+ 76. g4 Kxb3 77. Qxg6 a5 78.
h5 a4 79. h6 a3 80. h7 Qd4 81. Qg8+ 1-0

[Event "Leeuwarden op"]
[Site "Leeuwarden"]
[Date "1993.??.??"]
[Round "5"]
[White "Dam, Ruurd"]
[Black "Kharlov, Andrei"]
[Result "0-1"]
[WhiteElo "2255"]
[BlackElo "2535"]
[PlyCount "79"]
[EventDate "1993.08.??"]
[EventType "swiss"]
[EventRounds "9"]
[EventCountry "NED"]
[SourceTitle "TD"]
[Source "ChessBase"]
[SourceDate "1994.03.01"]
[SourceVersion "1"]
[SourceVersionDate "1994.03.01"]
[SourceQuality "1"]

1. e4 c5 2. d3 e6 3. g3 d5 4. Nd2 Nc6 5. Bg2 g6 6. Ngf3 Bg7 7. O-O Nge7 8. Re1
O-O 9. e5 Qc7 10. Qe2 Bd7 11. Nf1 Nd4 12. Nxd4 cxd4 13. Bf4 Rfc8 14. Rac1 Qb6
15. Rb1 Rc5 16. c3 Rac8 17. h4 dxc3 18. bxc3 Rb5 19. Rbc1 Rb2 20. Qf3 Nf5 21.
d4 Qa5 22. h5 Rxa2 23. g4 Nh4 24. Qh3 Nxg2 25. Kxg2 Qd8 26. Qe3 Qh4 27. Nh2 h6
28. Rg1 Bb5 29. Qf3 Qd8 30. Qg3 g5 31. Be3 f5 32. exf6 Qxf6 33. Nf3 Bd3 34. Nd2
e5 35. Rge1 e4 36. Ra1 Rxa1 37. Rxa1 a6 38. Nb3 Bf8 39. Bd2 Be7 40. Rb1 0-1

[Event "Leeuwarden op"]
[Site "Leeuwarden"]
[Date "1993.??.??"]
[Round "6"]
[White "Kharlov, Andrei"]
[Black "Berg, Klaus"]
[Result "1-0"]
[WhiteElo "2535"]
[BlackElo "2390"]
[PlyCount "61"]
[EventDate "1993.08.??"]
[EventType "swiss"]
[EventRounds "9"]
[EventCountry "NED"]
[SourceTitle "TD"]
[Source "ChessBase"]
[SourceDate "1994.03.01"]
[SourceVersion "1"]
[SourceVersionDate "1994.03.01"]
[SourceQuality "1"]

1. e4 c6 2. d4 d5 3. exd5 cxd5 4. c4 Nf6 5. Nc3 e6 6. Nf3 Bb4 7. cxd5 Nxd5 8.
Qc2 Nc6 9. Be2 Be7 10. O-O O-O 11. Rd1 Nf6 12. Bg5 b6 13. Qa4 Bb7 14. Ne5 Nxe5
15. dxe5 Nd5 16. Bxe7 Qxe7 17. Ne4 Qb4 18. Qxb4 Nxb4 19. Nd6 Bd5 20. a3 Nc6 21.
f4 f6 22. exf6 Rxf6 23. g3 Rd8 24. Nb5 Rf7 25. Rac1 Na5 26. b4 Nb3 27. Rc3 Rfd7
28. Bg4 Kf7 29. Nc7 Nc5 30. Nxd5 Ne4 31. Rc7 1-0

[Event "Leeuwarden op"]
[Site "Leeuwarden"]
[Date "1993.??.??"]
[Round "7"]
[White "Riemersma, Liafbern"]
[Black "Kharlov, Andrei"]
[Result "1/2-1/2"]
[WhiteElo "2420"]
[BlackElo "2535"]
[PlyCount "121"]
[EventDate "1993.08.??"]
[EventType "swiss"]
[EventRounds "9"]
[EventCountry "NED"]
[SourceTitle "TD"]
[Source "ChessBase"]
[SourceDate "1994.03.01"]
[SourceVersion "1"]
[SourceVersionDate "1994.03.01"]
[SourceQuality "1"]

1. e4 c5 2. Nf3 Nc6 3. Bb5 d6 4. O-O Bd7 5. Re1 a6 6. Bf1 Nf6 7. h3 e5 8. c3 g6
9. d4 cxd4 10. cxd4 Bg7 11. d5 Ne7 12. a4 O-O 13. Nfd2 Nh5 14. Nc4 b5 15. axb5
axb5 16. Rxa8 Qxa8 17. Nb6 Qb7 18. Nxd7 Qxd7 19. Qb3 Rb8 20. Qb4 f5 21. Nc3 Nf6
22. f3 f4 23. Nxb5 Ne8 24. Bd2 Qb7 25. Bd3 Nc7 26. Qxd6 Nxb5 27. Bxb5 Qa7+ 28.
Kh2 Rxb5 29. Bb4 Rxb4 30. Qxb4 g5 31. d6 Ng6 32. Qc4+ Qf7 33. Qc7 Nf8 34. Ra1
Ne6 35. Ra8+ Bf8 36. Qe7 Kg7 37. Qxf7+ Kxf7 38. Ra7+ Ke8 39. Rxh7 Bxd6 40. Rb7
Bc7 41. Rb5 Kd7 42. h4 gxh4 43. Kh3 Nd4 44. Rd5+ Bd6 45. Kxh4 Nc2 46. Rd3 Ke6
47. g3 fxg3 48. Kxg3 Nd4 49. Kg4 Nc6 50. Rd2 Nb4 51. Rh2 Nc6 52. Rh6+ Ke7 53.
Rh7+ Ke6 54. Rb7 Nb4 55. Kg3 Nd3 56. Kg2 Bc5 57. Kf1 Bd4 58. b4 Kd6 59. Ke2 Kc6
60. Rb8 Kc7 61. Rb5 1/2-1/2

[Event "Leeuwarden op"]
[Site "Leeuwarden"]
[Date "1993.??.??"]
[Round "8"]
[White "Kharlov, Andrei"]
[Black "Sepp, Olav"]
[Result "1/2-1/2"]
[WhiteElo "2535"]
[BlackElo "2380"]
[PlyCount "67"]
[EventDate "1993.08.??"]
[EventType "swiss"]
[EventRounds "9"]
[EventCountry "NED"]
[SourceTitle "TD"]
[Source "ChessBase"]
[SourceDate "1994.03.01"]
[SourceVersion "1"]
[SourceVersionDate "1994.03.01"]
[SourceQuality "1"]

1. d4 Nf6 2. c4 g6 3. Nc3 Bg7 4. e4 d6 5. Nf3 O-O 6. Be2 e5 7. O-O Na6 8. Re1
Qe8 9. Bg5 Bg4 10. d5 Nh5 11. Nd2 Bxe2 12. Qxe2 Nf4 13. Bxf4 exf4 14. Nf3 Qe7
15. Qd2 Nc5 16. Rad1 Be5 17. Nxe5 Qxe5 18. b4 Nd7 19. Nb5 a6 20. Nd4 Qf6 21. g3
fxg3 22. hxg3 Ne5 23. Qe2 h5 24. f4 Ng4 25. e5 dxe5 26. fxe5 Qb6 27. a3 c5 28.
bxc5 Qxc5 29. e6 b5 30. Kg2 bxc4 31. Nf3 fxe6 32. dxe6 Rae8 33. e7 Rxe7 34.
Qxe7 1/2-1/2

[Event "Leeuwarden op"]
[Site "Leeuwarden"]
[Date "1993.??.??"]
[Round "9"]
[White "Klip, Hans"]
[Black "Kharlov, Andrei"]
[Result "0-1"]
[WhiteElo "2340"]
[BlackElo "2535"]
[PlyCount "82"]
[EventDate "1993.08.??"]
[EventType "swiss"]
[EventRounds "9"]
[EventCountry "NED"]
[SourceTitle "TD"]
[Source "ChessBase"]
[SourceDate "1994.03.01"]
[SourceVersion "1"]
[SourceVersionDate "1994.03.01"]
[SourceQuality "1"]

1. e4 c5 2. Nf3 Nc6 3. d4 cxd4 4. Nxd4 Nf6 5. Nc3 e5 6. Ndb5 d6 7. Bg5 a6 8.
Na3 b5 9. Bxf6 gxf6 10. Nd5 Bg7 11. Bd3 Ne7 12. Nxe7 Qxe7 13. O-O f5 14. c4 O-O
15. Qf3 bxc4 16. Bxc4 fxe4 17. Qxe4 Rb8 18. Rab1 Qg5 19. Qe2 Bb7 20. f3 d5 21.
Bxa6 Ba8 22. Nc2 Rb6 23. b3 f5 24. Rbd1 Qe7 25. Kh1 f4 26. b4 Rf5 27. Bc8 Rf8
28. Bh3 Rh6 29. Nd4 Qf7 30. Nb3 Kh8 31. Nc5 Rxh3 32. gxh3 e4 33. Rg1 exf3 34.
Qf2 d4 35. Rde1 h6 36. Ne6 Re8 37. Nxg7 Re2 38. Nf5 Rxf2 39. Nxh6 Qf8 40. Re6
Re2 41. Nf7+ Qxf7 0-1

[Event "Tilburg"]
[Site "Tilburg"]
[Date "1993.??.??"]
[Round "1"]
[White "Kharlov, Andrei"]
[Black "Vladimirov, Evgeny"]
[Result "1/2-1/2"]
[WhiteElo "2535"]
[BlackElo "2585"]
[PlyCount "98"]
[EventDate "1993.11.??"]
[EventType "k.o."]
[EventRounds "7"]
[EventCountry "NED"]
[SourceTitle "CBM 039"]
[Source "ChessBase"]
[SourceDate "1994.04.01"]
[SourceVersion "1"]
[SourceVersionDate "1994.04.01"]
[SourceQuality "1"]

1. d4 Nf6 2. c4 e6 3. Nc3 d5 4. cxd5 exd5 5. Bg5 Be7 6. e3 Nbd7 7. Nf3 O-O 8.
Qc2 Re8 9. Bd3 Nf8 10. O-O c6 11. Rae1 Be6 12. Nd2 N6d7 13. Bxe7 Rxe7 14. b4 a5
15. a3 axb4 16. axb4 b5 17. e4 dxe4 18. Bxe4 Rc8 19. Nf3 Bc4 20. Bd3 Nb6 21.
Bxc4 Nxc4 22. Qf5 Qd7 23. Qh5 h6 24. Ne4 Rce8 25. Nc5 Qd6 26. Rxe7 Rxe7 27. Ra1
Nb6 28. h3 Nd5 29. Ra8 Nf6 30. Qf5 g6 31. Qc2 Kg7 32. Ra6 Ne6 33. Nb3 Qxb4 34.
Rxc6 Nd5 35. g3 Ng5 36. Ne5 Qe1+ 37. Kg2 Rxe5 38. dxe5 Nb4 39. Rxg6+ fxg6 40.
Qc7+ Nf7 41. e6 Qe4+ 42. Kg1 Qe1+ 43. Kg2 Qxe6 44. Qc3+ Kh7 45. Qxb4 Ng5 46. g4
Qd5+ 47. Kh2 Qe5+ 48. Kg2 Qd5+ 49. Kh2 Qe5+ 1/2-1/2

[Event "Tilburg"]
[Site "Tilburg"]
[Date "1993.??.??"]
[Round "1"]
[White "Vladimirov, Evgeny"]
[Black "Kharlov, Andrei"]
[Result "1-0"]
[WhiteElo "2585"]
[BlackElo "2535"]
[Annotator "Horn,Pe"]
[PlyCount "95"]
[EventDate "1993.11.??"]
[EventType "k.o."]
[EventRounds "7"]
[EventCountry "NED"]
[SourceTitle "CBM 039"]
[Source "ChessBase"]
[SourceDate "1994.04.01"]
[SourceVersion "1"]
[SourceVersionDate "1994.04.01"]
[SourceQuality "1"]

1. Nf3 d5 2. g3 Bg4 3. Bg2 Nd7 4. c4 c6 5. cxd5 cxd5 6. O-O (6. Qb3 Nc5 7. Qb5+
$2 (7. Qe3 e6 $10) 7... Bd7 8. Qxc5 Rc8 $19) 6... e6 $146 (6... Ngf6 7. Qb3 Qb6
8. Qxb6 Nxb6 9. Nc3 Bxf3 10. Bxf3 e6 11. d3 Bc5 12. a4 a6 13. Bd2 Ke7 14. Rfc1
Rhc8 15. Kf1 Nbd7 16. Rc2 Rc7 $10 {Vaganian-Flear/London/1986}) 7. Qb3 (7. Qa4
$5) 7... Nc5 8. Qb5+ Qd7 9. Nc3 a6 (9... Nf6 $2 10. Ne5 Qxb5 11. Nxb5 $18) (
9... Bxf3 10. Bxf3 $14) 10. Qxd7+ Nxd7 11. d3 Ne7 (11... Bc5) (11... Bxf3 12.
Bxf3 Bc5 13. e4 dxe4 14. Nxe4 Be7 15. Bf4 e5 16. Be3 $16) 12. Nd4 Nc6 (12... e5
13. Nb3 d4 14. Na4 Bxe2 15. Re1 Bxd3 16. Nac5 Nxc5 17. Nxc5 Bb5 18. Nxb7 $16)
13. Nxc6 bxc6 14. d4 Bd6 (14... c5 $2 15. e4 $5 cxd4 16. exd5 $5 dxc3 17. dxe6
$16) 15. e4 (15. Bf4 Bxf4 16. gxf4) 15... O-O 16. h3 Bh5 17. g4 Bg6 18. f4 Bxe4
(18... f5 19. gxf5 exf5 20. exd5 $18) (18... dxe4 19. Nxe4 Bc7 20. Be3 $16 {
><c6}) 19. Nxe4 dxe4 20. Bxe4 Rfc8 21. Bd2 Nf6 (21... Rab8 22. b3 c5) 22. Bg2
Rab8 23. b3 Bb4 $2 (23... c5 24. dxc5 (24. Rac1 $2 cxd4 25. Rxc8+ Rxc8 26. Bb7
Rc2) 24... Bxc5+ 25. Kh1 Ba3 $14) 24. Rad1 h5 25. f5 exf5 (25... Bxd2 26. Rxd2
hxg4 27. hxg4 Nxg4 28. fxe6 fxe6 29. Rc1 Rb6 30. Rdc2 Nf6 31. Rxc6 Rcxc6 32.
Rxc6 Rxc6 33. Bxc6) 26. Rxf5 hxg4 27. hxg4 Bxd2 28. Rxd2 Nxg4 29. Rc5 $16 Nf6
30. Rdc2 Rd8 31. Rxc6 Rxd4 32. Rxa6 Ng4 (32... Rd1+ 33. Kf2 Ng4+ 34. Ke2 $16)
33. Bf3 f5 34. Rc7 Ne5 35. Be2 Rd7 36. Rxd7 Nxd7 37. Rd6 Nc5 38. Rd5 Ne4 39.
Rxf5 Nc3 40. Bc4+ Kh7 41. a4 Kh6 42. a5 Ne4 43. Rd5 Nf6 44. Rd1 Kg5 45. a6 Kf4
46. a7 Ra8 47. Ra1 Ke5 48. Bf1 1-0

[Event "Vladivostok"]
[Site "Vladivostok"]
[Date "1994.??.??"]
[Round "1"]
[White "Zhidkov, Valery"]
[Black "Kharlov, Andrei"]
[Result "0-1"]
[WhiteElo "2395"]
[BlackElo "2530"]
[PlyCount "156"]
[EventDate "1994.??.??"]
[EventType "swiss"]
[EventRounds "9"]
[EventCountry "RUS"]
[SourceTitle "CBM 043 ext"]
[Source "ChessBase"]
[SourceDate "1995.01.01"]
[SourceVersion "1"]
[SourceVersionDate "1995.01.01"]
[SourceQuality "1"]

1. d4 d5 2. c4 e6 3. Nf3 c6 4. e3 f5 5. Ne5 Nf6 6. Nd2 Nbd7 7. f4 Nxe5 8. fxe5
Ng4 9. Qf3 Be7 10. h3 Nh6 11. Bd3 O-O 12. O-O Nf7 13. Qe2 Ng5 14. b3 b6 15. Bb2
Bb7 16. cxd5 cxd5 17. a3 Rf7 18. Ba6 Bxa6 19. Qxa6 Qf8 20. Rac1 f4 21. exf4
Rxf4 22. Rc7 Rxf1+ 23. Qxf1 Bd8 24. Rc1 Qe8 25. Qd3 b5 26. Kh2 Bb6 27. Qg3 Nf7
28. Qc3 Nh6 29. Qc6 Nf5 30. Nf3 h6 31. g4 Qxc6 32. Rxc6 Ne7 33. Rc2 Kf7 34. Kg3
Ke8 35. Bc1 Kd7 36. Be3 Nc6 37. h4 Bd8 38. Bc1 Be7 39. h5 Rf8 40. Rc3 Na5 41.
Rd3 Rc8 42. Bd2 Nc6 43. b4 Nb8 44. g5 hxg5 45. Bxg5 Nc6 46. Bd2 Rh8 47. Kg4 Bd8
48. Be1 Bb6 49. Bd2 Ne7 50. Nh4 Rc8 51. Bc3 Rc4 52. Nf3 Nf5 53. Kg5 Bd8+ 54.
Kg6 Ke8 55. Bd2 Rc2 56. Rc3 Ra2 57. Rd3 Kf8 58. Rc3 Kg8 59. h6 gxh6 60. Bxh6
Rg2+ 61. Bg5 Kf8 62. Rc1 Ke8 63. Kh5 Bxg5 64. Nxg5 Rh2+ 65. Kg4 Rh4+ 66. Kf3
Nxd4+ 67. Kg3 Nf5+ 68. Kf3 Kd7 69. Rg1 Rh2 70. a4 bxa4 71. Ra1 Rh5 72. Nf7 Rh3+
73. Kg2 Rh7 74. Rxa4 Rxf7 75. Rxa7+ Ke8 76. Ra8+ Ke7 77. b5 Ne3+ 78. Kg3 Nc4
0-1

[Event "Vladivostok"]
[Site "Vladivostok"]
[Date "1994.??.??"]
[Round "2"]
[White "Kharlov, Andrei"]
[Black "Ivanov, Mikhail M"]
[Result "1/2-1/2"]
[WhiteElo "2530"]
[BlackElo "2475"]
[PlyCount "62"]
[EventDate "1994.??.??"]
[EventType "swiss"]
[EventRounds "9"]
[EventCountry "RUS"]
[SourceTitle "CBM 043 ext"]
[Source "ChessBase"]
[SourceDate "1995.01.01"]
[SourceVersion "1"]
[SourceVersionDate "1995.01.01"]
[SourceQuality "1"]

1. e4 c5 2. c3 Nf6 3. d3 d6 4. f4 Nbd7 5. Nf3 Qc7 6. Qe2 e6 7. g3 b6 8. Bg2 Bb7
9. Nbd2 Be7 10. O-O O-O 11. a4 a6 12. b3 b5 13. Bb2 Rab8 14. h3 Rfc8 15. g4 c4
16. d4 cxb3 17. axb5 axb5 18. Rab1 Nb6 19. Ba1 d5 20. e5 Ne4 21. Nxe4 dxe4 22.
Nd2 e3 23. Bxb7 Rxb7 24. Qxe3 Nc4 25. Qd3 Nxd2 26. Qxd2 Qc4 27. Qd1 Ra7 28.
Qxb3 Qd3 29. Qb2 Qxh3 30. Qg2 Qe3+ 31. Qf2 Qxf2+ 1/2-1/2

[Event "Vladivostok"]
[Site "Vladivostok"]
[Date "1994.??.??"]
[Round "3"]
[White "Kayumov, Dimitry"]
[Black "Kharlov, Andrei"]
[Result "0-1"]
[WhiteElo "2425"]
[BlackElo "2530"]
[PlyCount "94"]
[EventDate "1994.??.??"]
[EventType "swiss"]
[EventRounds "9"]
[EventCountry "RUS"]
[SourceTitle "CBM 043 ext"]
[Source "ChessBase"]
[SourceDate "1995.01.01"]
[SourceVersion "1"]
[SourceVersionDate "1995.01.01"]
[SourceQuality "1"]

1. e4 c5 2. Nf3 Nc6 3. d4 cxd4 4. Nxd4 Nf6 5. Nc3 e5 6. Ndb5 d6 7. Bg5 a6 8.
Na3 Be6 9. Nc4 Rc8 10. Bxf6 Qxf6 11. Nb6 Rb8 12. Ncd5 Qd8 13. c3 Be7 14. Be2
O-O 15. O-O Bg5 16. Qd3 Kh8 17. Rad1 g6 18. Bf3 f5 19. Qe2 Rf7 20. Rd3 Qf8 21.
Rfd1 Rd8 22. a3 h5 23. exf5 gxf5 24. Bxh5 Rh7 25. Rg3 Qh6 26. Rh3 e4 27. f4
Bxf4 28. Bf7 Bxh2+ 29. Kf1 Bxf7 30. Rxh6 Rxh6 31. Qe3 Kh7 32. Ke1 Rg8 33. Rd2
Ne5 34. Kd1 Ng4 35. Qe2 e3 36. Rd4 Be5 37. Rc4 f4 38. Rc7 Nf2+ 39. Kc2 Rg7 40.
Kb3 Bh5 41. Rxg7+ Kxg7 42. Qc4 e2 43. Ne7 Bf7 44. Nf5+ Kf8 45. Nd5 Bxd5 46.
Qxd5 e1=Q 47. Qxb7 Re6 0-1